| 000 | 00874cam a2200289 a 4500 | ||
|---|---|---|---|
| 999 |
_c6853 _d6853 |
||
| 020 | _a0072936037 | ||
| 020 | _a0072935162 | ||
| 020 | _a0028040481 | ||
| 020 | _a002804049X | ||
| 020 | _a0028040503 | ||
| 020 | _a002804052X | ||
| 020 | _a0078228069 | ||
| 022 | _a9780028040486 | ||
| 050 | 0 | 0 |
_aPE1479.B87 _bS23 |
| 100 | 1 | _aSabin, William A. (ed.) | |
| 245 | 1 | 4 |
_aThe Gregg reference manual / _cWilliam A. Sabin. |
| 250 | _a9th ed. | ||
| 260 |
_aBoston : _bMcGraw-Hill, _c2001. |
||
| 300 |
_axxx, 610 p. : _bill., col. maps ; _c24 cm. |
||
| 500 | _aIncludes index. | ||
| 505 | _aPart 1. Grammar, Usage, and Style Part 2. Techniques and Formats Part 3. References Index | ||
| 650 | 0 |
_aEnglish language _xBusiness English |
|
| 650 | 0 |
_aEnglish language _xGrammar |
|
| 650 | 0 |
_aEnglish language _xTranscription |
|
| 650 | 0 | _aBusiness writing | |
| 942 | _cBK | ||